[Event "RSA-ch U12 Girls"]
[Site "Gauteng"]
[Date "2017.04.08"]
[Round "7"]
[White "Morema, Mohau"]
[Black "Ahjum, Savannah"]
[Result "1-0"]
[WhiteElo "1096"]
[BlackElo "1197"]
[PlyCount "49"]
[EventDate "2017.04.05"]
[EventType "swiss"]
[EventRounds "11"]
[EventCountry "RSA"]
[SourceTitle "CBM 177 Extra"]
[Source "ChessBase"]
[SourceDate "2017.04.27"]
[SourceVersion "1"]
[SourceVersionDate "2017.04.27"]
[SourceQuality "1"]

1. e4 e5 2. Nf3 Nc6 3. Nc3 Bc5 4. Bc4 d6 5. h3 h6 6. a3 a6 7. d3 Nf6 8. 0-0 Qe7 9. Be3 Bxe3 10. fxe3 Bd7 11. Bd5 g5 12. Bxc6 Bxc6 13. Nh2 0-0-0 14. Qf3 Nd7 15. Qxf7 Qxf7 16. Rxf7 Rhf8 17. Rxf8 Rxf8 18. Ng4 h5 19. Nf2 Nf6 20. Rf1 Nh7 21. Nh1 Rxf1+ 22. Kxf1 Kd7 23. Kf2 Nf6 24. b4 Ba4 25. Nxa4 1-0

[Event "RSA-ch U12 Girls"]
[Site "Gauteng"]
[Date "2017.04.07"]
[Round "5"]
[White "Ismail, Imaan"]
[Black "Morema, Mohau"]
[Result "1-0"]
[WhiteElo "1068"]
[BlackElo "1096"]
[PlyCount "83"]
[EventDate "2017.04.05"]
[EventType "swiss"]
[EventRounds "11"]
[EventCountry "RSA"]
[SourceTitle "CBM 177 Extra"]
[Source "ChessBase"]
[SourceDate "2017.04.27"]
[SourceVersion "1"]
[SourceVersionDate "2017.04.27"]
[SourceQuality "1"]

1. g3 e5 2. Bg2 Bc5 3. Nc3 Nf6 4. Nf3 d6 5. d3 h6 6. 0-0 0-0 7. Rb1 Nc6 8. a3 Bf5 9. b4 Bb6 10. b5 Ne7 11. Bd2 a6 12. bxa6 Rxa6 13. Ra1 Ra8 14. h3 Qd7 15. Kh2 Nfd5 16. Nxd5 Nxd5 17. e4 Ne7 18. exf5 Nxf5 19. Ng1 Rab8 20. Qg4 Kh8 21. Be4 g6 22. Bxh6 Rg8 23. Bxf5 gxf5 24. Qh5 f6 25. Nf3 Qh7 26. Nh4 Rg5 27. Qf3 Qxh6 28. Nxf5 Qh7 29. Nh4 Kg7 30. Rfe1 c6 31. c3 Kf7 32. Ra2 Ba5 33. Rc2 Ke6 34. Ng2 Rh8 35. h4 Rf5 36. Qg4 Rg8 37. Qe2 Kd7 38. Rb1 Kc8 39. Qe4 Bc7 40. g4 d5 41. Qxf5+ Qxf5 42. gxf5 1-0